Cursed Country Names #2 - Statistics

General Stats
  • This quiz has been taken 6 times
  • The average score is 10 of 15
Answer Stats
Cursed Regular % Correct
Camera On Cameroon
100%
More Obtained Mauritania
100%
No Way Norway
100%
Fill The Pines Philippines
100%
Port of Gaul Portugal
100%
Rho Maniac Romania
100%
Zombie Zambia
100%
Louse Laos
80%
Light The Wane Lithuania
80%
Org Way Uruguay
80%
Window Amnesia Indonesia
40%
Split The Land Switzerland
40%
Quad Mall Guatemala
20%
Fig Gun Stain Afghanistan
0%
Coal Umbrella Colombia
0%
No matching quizzes found
Score Distribution
Percent of People with Each Score
Percentile by Number Answered
Your Score History
You have not taken this quiz